Building market institutions in South Eastern Europe comparative prospects for investment and private sector development /

Bibliographic Details
Other Authors: Broadman, Harry G
Format: Unknown
Language:English
Published: Washington, DC : World Bank, 2004
Subjects:
Online Access:Acceso restringido

MARC

LEADER 00000ny a22000003n 4500
003 CaPaEBR
005 20110623173841.0
006 m u
007 cr cn|||||||||
008 040504s2004 dcu sb i001 0 eng d
020 |a 9780821357767 
035 |a 2246 
040 |a CaPaEBR  |c CaPaEBR  |d vlex 
050 1 4 |a HC401  |b .B85 2004eb 
082 0 4 |a 330.9496  |2 22 
090 |c 1095  |d 1095 
245 0 0 |a Building market institutions in South Eastern Europe  |h [Recurso electrn̤ico]  |b comparative prospects for investment and private sector development /  |c Harry Broadman ... [et al.] 
256 0 0 |a Servicio en ln̕ea 
260 |a Washington, DC :  |b World Bank,  |c 2004 
300 |a xlii, 366 p 
504 |a Includes bibliographical references and index 
506 1 |a Contenido solo disponible en los productos indicados  |d vLex Global  |d vLex Global (Academic Edition, excluding Law Schools)  |d vLex Global (U.S. Academic Edition, Law Schools)  |d vLex Global (U.S. Academic Edition, excluding Law Schools)  |d vLex Global (Academic Edition, Law Schools) 
650 0 7 |a Inversiones extranjeras  |2 Tesauro vLex 
700 1 |a Broadman, Harry G 
740 0 |a vLex Libros (Servicios en ln̕ea) 
856 4 0 |u http://vlex.com/source/2246  |z Acceso restringido 
942 |c BOOK 
999 0 |a Balkan Peninsula 
999 0 |a Balkan Peninsula 
999 0 |a Balkan Peninsula 
999 0 |a Investments, Foreign  |z Balkan Peninsula 
999 0 |a Electronic books.